Využitie generatívneho dizajnu pri návrhu rámu motokáry

Salvato in:
Dettagli Bibliografici
Autore principale: Burza, Peter (Autore)
Altri autori: Kuruc, Marcel (Relatore della tesi)
Natura: Manoscritto Libro
Lingua:slovacco
Pubblicazione: 2023
Soggetti:
Accesso online:http://is.stuba.sk/zp/portal_zp.pl?podrobnosti=171047
Tags: Aggiungi Tag
Nessun Tag, puoi essere il primo ad aggiungerne!!

MARC

LEADER 00000ntm a22000003a 4500
001 stuzp92988
003 SK-STU
005 20230909213731.6
007 ta
008 150427s2015----xo-----f-mn---000-0-slo-d
040 |a STU  |b slo 
041 0 |a slo 
100 1 |a Burza, Peter  |u 063000  |4 aut  |U MTF Materiálovotechnologická fakulta  |T MTF Ústav výrobných technológií  |X 96776  |U M3000  |Y 83  |7 96776 
242 0 1 |a Usage of generative design in kart frame design  |y eng 
245 1 0 |a Využitie generatívneho dizajnu pri návrhu rámu motokáry 
260 |c 2023 
650 4 |a generatívny dizajn  |2 slo 
650 4 |a topologická optimalizácia  |2 slo 
650 4 |a rám motokáry  |2 slo 
650 4 |a kart frame  |2 eng 
650 4 |a generative design  |2 eng 
650 4 |a topological optimization  |2 eng 
700 1 |a Kuruc, Marcel  |u 063200  |k Z1  |4 ths  |U MTF Ústav výrobných technológií  |T MTF Katedra obrábania a počítačovej podpory technológií  |X 48583  |U M3200  |Y 164  |7 A000048583 
856 4 |u http://is.stuba.sk/zp/portal_zp.pl?podrobnosti=171047 
996 |c M* DP-15100  |l MMSKP  |s P  |a 0  |w stuzp92988_0001